Pokémon Rüstungs-Dex - Statistiken

Allgemein
  • Dieses Quiz wurde 91 mal gespielt
  • Das Durchschnittsergebnis liegt bei 176 aus 211
Antwortstatistiken
# Nr. Pokémon % Korrekt
001 Flegmon
97%
002 Lahmus
97%
003 Laschoking
97%
084 Pichu
97%
085 Pikachu
97%
086 Raichu
97%
100 Dakuma
96%
004 Haspiror
96%
005 Schlapor
96%
199 Seemon
96%
198 Seeper
96%
099 Starmie
96%
098 Sterndu
96%
101 Wulaosu
96%
200 Seedraking
94%
190 Wailmer
94%
191 Wailord
94%
007 Chaneira
93%
176 Ganovil
93%
008 Heiteira
93%
111 Kanivanha
93%
144 Quappo
93%
142 Quapsel
93%
143 Quaputzi
93%
178 Rabigator
93%
177 Rokkaiman
93%
116 Tauros
93%
112 Tohaido
93%
006 Wonneira
93%
070 Bisaflor
92%
069 Bisaknosp
92%
068 Bisasam
92%
022 Dartiri
92%
023 Dartignis
92%
024 Fiaro
92%
039 Kingler
92%
038 Krabby
92%
145 Quaxo
92%
031 Abra
90%
097 Barrakiefa
90%
094 Goldini
90%
095 Golking
90%
032 Kadabra
90%
096 Pikuda
90%
071 Schiggy
90%
072 Schillok
90%
118 Sichlor
90%
033 Simsala
90%
073 Turtok
90%
211 Zarude
90%
115 Bissbark
89%
207 Ditto
89%
202 Dressella
89%
102 Emolga
89%
204 Honweisel
89%
091 Krebscorps
89%
092 Krebutack
89%
201 Lilminip
89%
049 Pelipper
89%
169 Sandamer
89%
168 Sandan
89%
196 Scampisto
89%
119 Scherox
89%
114 Terribark
89%
093 Urgl
89%
203 Wadribie
89%
048 Wingull
89%
197 Wummer
89%
113 Yorkleff
89%
194 Algitt
88%
053 Bisofank
88%
103 Dedenne
88%
011 Fluffeluff
88%
037 Galagladi
88%
036 Guardevoir
88%
172 Kangama
88%
035 Kirlia
88%
013 Knuddeluff
88%
120 Pinsir
88%
208 Porygon
88%
209 Porygon2
88%
210 Porygon-Z
88%
012 Pummeluff
88%
009 Raffel
88%
010 Schlaraffel
88%
121 Skaraborn
88%
195 Tandrak
88%
034 Trasla
88%
076 Cerapendra
86%
043 Garados
86%
082 Glibunkel
86%
017 Imantis
86%
042 Karpador
86%
018 Mantidea
86%
075 Rollum
86%
137 Schmerbe
86%
074 Toxiped
86%
083 Toxiquak
86%
061 Viscargot
86%
062 Viscogon
86%
060 Viscora
86%
138 Welsar
86%
020 Drapfel
85%
135 Driftlon
85%
136 Drifzepeli
85%
146 Enton
85%
147 Entoron
85%
162 Irokex
85%
154 Kiesling
85%
019 Knapfel
85%
206 Kokowei
85%
205 Owei
85%
173 Qurtel
85%
124 Reisslaus
85%
021 Schlapfel
85%
063 Shardrago
85%
125 Tectass
85%
158 Wolwerock
85%
157 Wuffels
85%
161 Zurrokex
85%
156 Brockoloss
83%
186 Ignivor
83%
104 Morpeko
83%
187 Ramoth
83%
155 Sedimantur
83%
128 Aggrostella
82%
030 Caesurio
82%
127 Garstella
82%
029 Gladiantri
82%
015 Keradar
82%
171 Knogga
82%
016 Maritellit
82%
153 Panzaeron
82%
014 Sensect
82%
170 Tragosso
82%
193 Apoquallyp
81%
179 Geronimatz
81%
110 Lusardin
81%
045 Octillery
81%
192 Quabbel
81%
044 Remoraid
81%
180 Washakwil
81%
126 Britzigel
79%
167 Grandiras
79%
182 Grypheldis
79%
166 Mediras
79%
165 Miniras
79%
181 Skallyk
79%
080 Tangela
79%
081 Tangoloss
79%
151 Fleknoil
78%
152 Fletiamo
78%
078 Hutsassa
78%
130 Kaocto
78%
129 Klopptopus
78%
089 Kommandutan
78%
105 Magnetilo
78%
106 Magneton
78%
051 Piondragi
78%
050 Pionskora
78%
090 Quartermak
78%
067 Cavalanzas
76%
134 Colossand
76%
058 Felino
76%
065 Hydragil
76%
066 Laukaps
76%
107 Magnezone
76%
059 Morlord
76%
133 Sankabuh
76%
064 Schnuthelm
76%
077 Tarnpignon
76%
040 Tentacha
76%
041 Tentoxa
76%
109 Calamanero
75%
123 Castellith
75%
108 Iscalar
75%
122 Lithomith
75%
054 Schlurp
75%
055 Schlurplek
75%
052 Dummisel
74%
148 Flurmel
74%
149 Krakeelo
74%
150 Krawumms
74%
047 Mantax
74%
046 Mantirps
74%
183 Rihorn
74%
185 Rihornior
74%
184 Rizeros
74%
174 Salanga
72%
175 Sanaconda
72%
057 Kamalm
71%
056 Kamehaps
71%
079 Curelei
69%
163 Lin-Fu
69%
026 Luxio
69%
027 Luxtra
69%
025 Sheinux
69%
164 Wie-Shu
69%
160 Amfira
68%
159 Molunk
68%
141 Azumarill
67%
140 Marill
67%
139 Azurill
65%
088 Zoroark
64%
087 Zorua
64%
117 Miltank
61%
188 Lampi
60%
189 Lanturn
60%
132 Austos
58%
131 Muschas
58%
028 Clavion
56%
Keine übereinstimmenden Quizze gefunden
Verteilung der Resultate
Anzahl Personen mit jedem Resultat
Perzentil nach korrekt beantworteten Fragen
Ihre Resultats-Entwicklung
Sie haben dieses Quiz noch nicht gespielt